Polymer biocatalysis and biomaterials

Na minha lista:
Detalhes bibliográficos
Formato: Livro
Idioma:Undetermined
Publicado em: Washington, DC American Chemical Society 2005
Assuntos:
Tags: Adicionar Tag
Sem tags, seja o primeiro a adicionar uma tag!
Thư viện lưu trữ: Trung tâm Học liệu Trường Đại học Cần Thơ
LEADER 00614nam a2200193Ia 4500
001 CTU_117940
008 210402s9999 xx 000 0 und d
020 |c 164.50 
082 |a 660.63 
082 |b P783 
245 0 |a Polymer biocatalysis and biomaterials 
245 0 |c Edited byH.N. Cheng, editor, Richard A. Gross 
260 |a Washington, DC 
260 |b American Chemical Society 
260 |c 2005 
650 |a enzymes,polymers,biomedical materials 
650 |x biotechnology,congresses,biotechnology,congresses,congresses 
904 |i Minh 
980 |a Trung tâm Học liệu Trường Đại học Cần Thơ